| 000 | 01356nam a22001817a 4500 | ||
|---|---|---|---|
| 003 | BD-DhUL | ||
| 005 | 20161018142945.0 | ||
| 008 | 161018b xxu||||| |||| 00| 0 eng d | ||
| 040 | _cBD-DhUL | ||
| 082 |
_a891.28 _bBIB |
||
| 100 | _aসত্যনারায়ন চক্রবর্তী | ||
| 245 |
_aবিশ্বনাথ-কবিরাজ-বিরচিত : সাহিত্যদর্পণ : মুল, বিসন্ধি এবং পদব্যাখ্যাত্মক প্রবেশ, বঙ্গানুবাদ, রামচরণ তর্কবাগীশ-কৃত সাহিত্যদর্পণবিবৃতি টীকা এবং সম্পাদককৃত বাংলা ভাষায় বিস্তৃত ব্যাখা প্রকাশ টীকাসহ আদ্যন্ত বঙ্গাক্ষরে মুদ্রিত (প্রথম-দ্বিতীয় পরিচ্ছেদ) / / _cসত্যনারায়ন চক্রবর্তী |
||
| 260 |
_aকলিকাতা : _bসংস্কৃত পুস্তক ভান্ডার, _c১৯৮০. |
||
| 300 |
_a১৬২ পৃ. ; _c২০ সেমি. |
||
| 650 |
_aইতিহাস _xHistory |
||
| 700 | _aসত্যব্রত ভঞ্জ চৌধুরী | ||
| 942 |
_2ddc _cBK |
||
| 999 |
_c110863 _d110863 |
||